000 00511nam a2200193 a 4500
001 1773825712529
003 YourLibrary
005 20260318145348.0
008 260318s2006##################000#0#eng##
020 _a9783039106738
082 0 4 _a362.10420967
_bOBR
100 1 _aObrist, Brigit,
_eauthor.
245 1 0 _aStruggling for Health in the City :
260 _bPeter Lang,
_c2006.
300 _a364 pages
650 0 _aHealth & Fitness.
942 _cENGLISH
040 _aYourLibrary
_beng
_cYourLibrary
999 _c617900
_d617900